[Event "EYCC 2024 - O08"]
[Site "?"]
[Date "2024.08.22"]
[Round "1.10"]
[White "Hornacek, Tomas"]
[Black "Petrenko, Tymofii"]
[Result "0-1"]
[BlackElo "1696"]
[WhiteElo "1451"]
[LiveChessVersion "1.4.8"]

1. e4 {[%clk 1:30:55]} c5 {[%clk 1:30:55]} 2. Nf3 {[%clk 1:31:08]} d6
{[%clk 1:31:15]} 3. d4 {[%clk 1:31:22]} cxd4 {[%clk 1:31:38]} 4. Nxd4
{[%clk 1:31:37]} Nf6 {[%clk 1:31:57]} 5. Nc3 {[%clk 1:31:46]} g6 {[%clk 1:32:16]}
6. f4 {[%clk 1:32:02]} Bg7 {[%clk 1:32:31]} 7. e5 {[%clk 1:32:10]} dxe5
{[%clk 1:32:36]} 8. fxe5 {[%clk 1:32:11]} Nh5 {[%clk 1:26:52]} 9. Bb5+
{[%clk 1:27:08]} Bd7 {[%clk 1:25:19]} 10. g4 {[%clk 1:19:13]} Qc7
{[%clk 1:23:14]} 11. Nf3 {[%clk 1:17:30]} Bxb5 {[%clk 1:20:06]} 12. Nxb5
{[%clk 1:17:46]} Qc4 {[%clk 1:19:10]} 13. Nfd4 {[%clk 1:15:11]} Bxe5
{[%clk 1:17:29]} 14. gxh5 {[%clk 1:13:06]} a6 {[%clk 1:17:23]} 15. Qd3
{[%clk 1:00:23]} axb5 {[%clk 1:15:55]} 16. Nxb5 {[%clk 0:59:27]} Qc6
{[%clk 1:15:46]} 17. Rf1 {[%clk 0:56:50]} Nd7 {[%clk 1:13:53]} 18. Bf4
{[%clk 0:53:23]} Ra5 {[%clk 1:11:05]} 19. Nd4 {[%clk 0:51:53]} Bxd4
{[%clk 1:10:29]} 20. Qxd4 {[%clk 0:51:21]} e5 {[%clk 1:09:50]} 21. Qb4
{[%clk 0:49:36]} Ra4 {[%clk 1:09:29]} 22. Qb3 {[%clk 0:48:19]} Rxf4
{[%clk 1:08:44]} 23. Rxf4 exf4 {[%clk 1:08:50]} 24. O-O-O {[%clk 0:47:36]} O-O
{[%clk 1:08:30]} 25. hxg6 {[%clk 0:47:15]} hxg6 {[%clk 1:08:39]} 26. Qh3
{[%clk 0:46:28]} Rc8 {[%clk 1:07:59]} 27. c3 Nf6 0-1

[Event "EYCC 2024 - O08"]
[Site "?"]
[Date "2024.08.22"]
[Round "1.11"]
[White "Saxena, Advik"]
[Black "Kapelinsky, Amos"]
[Result "0-1"]
[BlackElo "1430"]
[WhiteElo "1678"]
[LiveChessVersion "1.4.8"]

1. e4 {[%clk 1:30:58]} c6 {[%clk 1:30:44]} 2. Nf3 {[%clk 1:30:57]} d5
{[%clk 1:30:30]} 3. Nc3 {[%clk 1:28:59]} Bg4 {[%clk 1:27:54]} 4. h3
{[%clk 1:19:00]} Bxf3 {[%clk 1:21:51]} 5. Qxf3 {[%clk 1:18:53]} e6
{[%clk 0:52:41]} 6. exd5 {[%clk 0:39:21]} cxd5 {[%clk 0:50:24]} 7. d4
{[%clk 0:38:44]} Nd7 {[%clk 0:49:50]} 8. Bf4 {[%clk 0:35:56]} Bb4
{[%clk 0:48:26]} 9. Bd3 {[%clk 0:35:20]} Rc8 {[%clk 0:47:42]} 10. Bd2
{[%clk 0:34:06]} Ngf6 {[%clk 0:46:32]} 11. O-O {[%clk 0:34:06]} O-O
{[%clk 0:46:39]} 12. a3 {[%clk 0:33:49]} Bxc3 {[%clk 0:44:55]} 13. Bxc3
{[%clk 0:34:10]} Qb6 {[%clk 0:42:24]} 14. Rfe1 {[%clk 0:30:20]} Rfe8
{[%clk 0:40:52]} 15. Re2 {[%clk 0:25:56]} Qc7 {[%clk 0:36:17]} 16. Rae1
{[%clk 0:23:55]} h6 {[%clk 0:33:41]} 17. Bd2 {[%clk 0:20:42]} Kf8
{[%clk 0:32:19]} 18. Bf4 {[%clk 0:20:34]} Qb6 {[%clk 0:31:56]} 19. c3
{[%clk 0:20:04]} a6 {[%clk 0:30:33]} 20. Qg3 {[%clk 0:17:43]} Nh5
{[%clk 0:28:25]} 21. Qf3 {[%clk 0:17:19]} Nxf4 {[%clk 0:27:35]} 22. Qxf4
{[%clk 0:17:39]} Qc7 {[%clk 0:24:09]} 23. Qf3 {[%clk 0:17:56]} Qd8
{[%clk 0:22:30]} 24. Rxe6 {[%clk 0:17:50]} Qg5 {[%clk 0:20:14]} 25. Rxe8+
{[%clk 0:17:34]} Rxe8 {[%clk 0:20:27]} 26. Rxe8+ {[%clk 0:18:02]} Kxe8
{[%clk 0:20:41]} 27. Qe3+ {[%clk 0:18:21]} Qxe3 {[%clk 0:20:10]} 28. fxe3
{[%clk 0:18:49]} Nb6 {[%clk 0:20:09]} 29. e4 {[%clk 0:19:07]} Na4
{[%clk 0:19:48]} 30. exd5 {[%clk 0:19:04]} Nxb2 {[%clk 0:19:54]} 31. Bc2
{[%clk 0:19:14]} Nc4 {[%clk 0:19:23]} 32. Bb3 {[%clk 0:19:32]} Nxa3
{[%clk 0:19:17]} 33. Kf2 {[%clk 0:19:49]} Nb5 {[%clk 0:19:07]} 34. Ba4
{[%clk 0:20:07]} Ke7 {[%clk 0:18:56]} 35. Bxb5 {[%clk 0:20:24]} axb5
{[%clk 0:19:20]} 36. Ke3 {[%clk 0:19:49]} Kd6 {[%clk 0:19:41]} 37. Ke4
{[%clk 0:20:06]} g6 {[%clk 0:19:57]} 38. g4 {[%clk 0:20:16]} g5 {[%clk 0:19:41]}
39. Ke3 {[%clk 0:18:27]} Kxd5 {[%clk 0:20:03]} 40. Kd3 {[%clk 0:18:39]} b6
{[%clk 0:20:14]} 41. Ke3 {[%clk 0:17:04]} Kc4 {[%clk 0:14:53]} 42. Ke4
{[%clk 0:16:26]} Kxc3 {[%clk 0:15:15]} 43. d5 {[%clk 0:16:52]} b4
{[%clk 0:15:39]} 44. d6 {[%clk 0:17:17]} b3 {[%clk 0:15:52]} 45. d7
{[%clk 0:17:43]} b2 {[%clk 0:16:07]} 46. d8=Q {[%clk 0:17:59]} b1=Q+
{[%clk 0:16:25]} 47. Ke5 {[%clk 0:17:33]} Qe1+ {[%clk 0:15:47]} 48. Kf6
{[%clk 0:17:48]} Qf2+ {[%clk 0:15:14]} 49. Ke7 {[%clk 0:18:02]} Kc4
{[%clk 0:14:20]} 50. Ke8 {[%clk 0:17:44]} Qc5 {[%clk 0:10:59]} 51. Kxf7
{[%clk 0:17:07]} Qd5+ {[%clk 0:10:07]} 52. Qxd5+ {[%clk 0:17:14]} Kxd5
{[%clk 0:10:17]} 53. Kg6 {[%clk 0:17:41]} b5 {[%clk 0:10:27]} 54. Kxh6
{[%clk 0:18:06]} b4 {[%clk 0:10:28]} 55. Kxg5 {[%clk 0:18:29]} b3
{[%clk 0:10:42]} 56. h4 {[%clk 0:18:52]} b2 {[%clk 0:11:03]} 57. h5
{[%clk 0:18:52]} b1=Q {[%clk 0:11:24]} 58. h6 {[%clk 0:19:11]} Qh7
{[%clk 0:11:45]} 59. Kh5 {[%clk 0:19:22]} Ke6 {[%clk 0:11:56]} 60. g5
{[%clk 0:19:48]} Kf5 {[%clk 0:11:53]} 61. Kh4 {[%clk 0:20:03]} Qc7
{[%clk 0:12:05]} 62. Kh3 {[%clk 0:18:27]} Kxg5 {[%clk 0:12:26]} 63. h7
{[%clk 0:18:45]} Qxh7+ {[%clk 0:12:43]} 64. Kg2 {[%clk 0:19:08]} Qd3
{[%clk 0:12:42]} 65. Kh1 {[%clk 0:19:24]} Qe2 {[%clk 0:12:55]} 66. Kg1
{[%clk 0:19:49]} Kg4 {[%clk 0:13:16]} 67. Kh1 {[%clk 0:20:15]} Kg3
{[%clk 0:13:26]} 68. Kg1 {[%clk 0:20:24]} Qd1# {[%clk 0:13:38]} 0-1

[Event "EYCC 2024 - O08"]
[Site "?"]
[Date "2024.08.22"]
[Round "1.12"]
[White "Borkowski, Jan"]
[Black "Aker, Meric Zeynel"]
[Result "0-1"]
[BlackElo "1676"]
[WhiteElo "1429"]
[LiveChessVersion "1.4.8"]

1. d4 {[%clk 1:30:59]} d5 {[%clk 1:30:51]} 2. c4 {[%clk 1:31:24]} e6
{[%clk 1:31:17]} 3. Nc3 {[%clk 1:31:39]} Nf6 {[%clk 1:31:12]} 4. Nf3
{[%clk 1:31:58]} c6 {[%clk 1:30:39]} 5. Bg5 {[%clk 1:31:58]} Nbd7
{[%clk 1:30:33]} 6. e3 {[%clk 1:32:10]} Qa5 {[%clk 1:30:06]} 7. Nd2
{[%clk 1:31:33]} dxc4 {[%clk 1:30:10]} 8. Bxf6 {[%clk 1:32:00]} Nxf6
{[%clk 1:30:30]} 9. Nxc4 {[%clk 1:32:00]} Qc7 {[%clk 1:27:29]} 10. Bd3
{[%clk 1:31:44]} Be7 {[%clk 1:24:27]} 11. O-O {[%clk 1:31:56]} O-O
{[%clk 1:21:06]} 12. Rc1 {[%clk 1:30:04]} Bd7 {[%clk 1:18:47]} 13. Ne5
{[%clk 1:29:48]} a6 {[%clk 1:16:35]} 14. a4 {[%clk 1:29:15]} Rfd8
{[%clk 1:11:18]} 15. Qe2 {[%clk 1:26:27]} Be8 {[%clk 1:07:06]} 16. Nc4
{[%clk 1:23:17]} c5 {[%clk 1:00:12]} 17. dxc5 {[%clk 1:22:37]} Bxc5
{[%clk 0:59:26]} 18. a5 {[%clk 1:22:19]} Bc6 {[%clk 0:55:17]} 19. Rb1
{[%clk 1:21:31]} Bb4 {[%clk 0:49:40]} 20. Ra1 {[%clk 1:21:25]} Bxc3
{[%clk 0:48:41]} 21. bxc3 {[%clk 1:21:12]} Bb5 {[%clk 0:46:07]} 22. Rfd1
{[%clk 1:21:03]} Rxd3 {[%clk 0:43:42]} 23. Qxd3 {[%clk 1:20:20]} Bxc4
{[%clk 0:43:32]} 24. Qd4 {[%clk 1:20:37]} Rc8 {[%clk 0:42:36]} 25. Rd2
{[%clk 1:19:35]} Bd5 {[%clk 0:41:54]} 26. f3 {[%clk 1:18:17]} Qxc3
{[%clk 0:38:41]} 27. Qxc3 {[%clk 1:18:26]} Rxc3 {[%clk 0:38:59]} 28. e4
{[%clk 1:18:47]} Bc6 {[%clk 0:39:17]} 29. e5 {[%clk 1:18:49]} Nd5
{[%clk 0:39:35]} 30. Raa2 {[%clk 1:18:31]} g5 {[%clk 0:38:36]} 31. Rd4
{[%clk 1:18:01]} Re3 {[%clk 0:38:05]} 32. Re4 {[%clk 1:18:02]} Rxe4
{[%clk 0:37:38]} 33. fxe4 {[%clk 1:16:23]} Nc3 {[%clk 0:37:57]} 34. Rc2
{[%clk 1:16:10]} Nxe4 {[%clk 0:38:16]} 35. Kf1 {[%clk 1:16:21]} Kg7
{[%clk 0:38:27]} 36. Ke2 {[%clk 1:16:07]} Kg6 {[%clk 0:38:05]} 37. g4
{[%clk 1:16:17]} h5 {[%clk 0:37:04]} 38. h3 {[%clk 1:15:43]} h4 {[%clk 0:35:44]}
39. Ke3 {[%clk 1:15:48]} Ng3 {[%clk 0:34:20]} 40. Rf2 {[%clk 1:15:34]} Ne4
{[%clk 0:33:13]} 41. Rc2 {[%clk 1:15:35]} f5 {[%clk 0:32:07]} 42. exf6
{[%clk 1:15:33]} Kxf6 {[%clk 0:32:25]} 43. Rc1 {[%clk 1:14:57]} Nd6
{[%clk 0:31:58]} 44. Kd4 {[%clk 1:14:11]} Bg2 {[%clk 0:31:26]} 45. Rc3
{[%clk 1:13:14]} Nb5+ {[%clk 0:31:54]} 46. Kc4 {[%clk 1:13:18]} Nxc3
{[%clk 0:32:19]} 47. Kxc3 {[%clk 1:13:41]} Bxh3 {[%clk 0:32:44]} 48. Kb4
{[%clk 1:13:48]} Bg2 {[%clk 0:32:55]} 49. Kb3 {[%clk 1:14:00]} h3
{[%clk 0:33:19]} 50. Kb2 {[%clk 1:14:13]} h2 {[%clk 0:33:42]} 51. Kb1
{[%clk 1:14:23]} h1=Q+ {[%clk 0:34:02]} 52. Kb2 {[%clk 1:14:16]} Bd5
{[%clk 0:34:12]} 53. Ka3 {[%clk 1:14:05]} Qc1+ {[%clk 0:34:31]} 54. Kb4
{[%clk 1:14:24]} Qc4+ {[%clk 0:34:58]} 55. Ka3 {[%clk 1:14:41]} Qb3#
{[%clk 0:35:25]} 0-1